Central Library OPAC University of Rajshahi

Kinetics of chemical and enzyme-catalyzed reactions / (Record no. 70619)

MARC details
000 -LEADER
fixed length control field 00720nam a2200241 a 4500
001 - CONTROL NUMBER
control field 70619
003 - CONTROL NUMBER IDENTIFIER
rucl marc code BD-RjUL
005 - DATE AND TIME OF LATEST TRANSACTION
control field 20211209082024.0
008 - FIXED-LENGTH DATA ELEMENTS--GENERAL INFORMATION
fixed length control field 500101s1977 nyua b 001 0 eng d
020 ## - INTERNATIONAL STANDARD BOOK NUMBER
International Standard Book Number 0195020952
035 ## - SYSTEM CONTROL NUMBER
System control number (BD-RjUL) 70833
040 ## - CATALOGING SOURCE
Original cataloging agency BD-RjUL
Language of cataloging eng
Transcribing agency BD-RjUL
Modifying agency BD-RjUL
041 ## - LANGUAGE CODE
Language code of text/sound track or separate title eng
082 ## - DEWEY DECIMAL CLASSIFICATION NUMBER
Edition number 23
Classification number 541.395
Author mark and year PIK 1977
100 1# - MAIN ENTRY--PERSONAL NAME
Personal name Piszkiewicz, Dennis.
9 (RLIN) 209025
245 10 - TITLE STATEMENT
Title Kinetics of chemical and enzyme-catalyzed reactions /
Statement of responsibility, etc. Dennis Piszkiewicz
260 ## - PUBLICATION, DISTRIBUTION, ETC. (IMPRINT)
Place of publication, distribution, etc. New York :
Name of publisher, distributor, etc. Oxford University Press,
Date of publication, distribution, etc. 1977
300 ## - PHYSICAL DESCRIPTION
Pagination ix, 235 p. :
Illustrations ill. ;
Size 21 cm.
504 ## - BIBLIOGRAPHY, ETC. NOTE
Bibliography, etc Includes bibliographies and indexes
650 #0 - SUBJECT ADDED ENTRY--TOPICAL TERM
Topical term or geographic name as entry element Catalysis
9 (RLIN) 209026
Topical term or geographic name as entry element Enzymes
9 (RLIN) 209027
942 ## - ADDED ENTRY ELEMENTS (KOHA)
Source of classification or shelving scheme Dewey Decimal Classification
Koha item type Books
Holdings
Lost status Source of classification or shelving scheme Damaged status Not for loan Collection code Permanent Location Current Location Shelving location Date acquired Source of acquisition Cost, normal purchase price Total Checkouts Full call number Date last seen Copy number Koha item type
  Dewey Decimal Classification   Not For Loan Non-fiction Central Library, University of Rajshahi Central Library, University of Rajshahi Reading Room 14/08/1996 Heffers. 15.00   541.395 PIK 1977 18/04/2017 C-1 Books